LEADER 01190nam a2200349 i 4500 001 991000987109707536 005 20020507181142.0 008 940519s1981 uk ||| | eng 020 $a0521227984 035 $ab10785334-39ule_inst 035 $aLE01305329$9ExL 040 $aDip.to Matematica$beng 082 0 $a532.51 084 $aAMS 76E 084 $aLC QA911 100 1 $aDrazin, P. G.$0441859 245 10$aHydrodynamic stability /$cP. G. Drazin, W. H. Reid 260 $aCambridge ; New York :$bCambridge University Press,$c1981 300 $axiv, 525 p. :$bill. ;$c22 cm 490 0 $aCambridge monographs on mechanics and applied mathematics 500 $aBibliography: p. [479]-513 500 $aFilmography: p. [515]-516 500 $aIncludes index 650 0$aHydrodynamics 650 0$aStability 700 1 $aReid, William Hill 907 $a.b10785334$b23-02-17$c28-06-02 912 $a991000987109707536 945 $aLE013 76E DRA11 (1981)$g1$i2013000148052$lle013$o-$pE0.00$q-$rl$s- $t0$u14$v2$w14$x0$y.i10885456$z28-06-02 996 $aHydrodynamic stability$9922130 997 $aUNISALENTO 998 $ale013$b01-01-94$cm$da $e-$feng$guk $h0$i1 LEADER 01047nam0 22002651i 450 001 UON00050597 005 20231205102224.314 100 $a20020107d1857 |0itac50 ba 101 $aita 102 $aIT 105 $a|||| 1|||| 200 1 $aDiscorsi morali agli studenti israeliti$fSamuel David Luzzatto 210 $aPadova$cA. Bianchi$d1857 215 $a116 p.$d23 cm 606 $aFILOSOFIA MORALE$3UONC003250$2FI 620 $aIT$dPadova$3UONL000153 686 $aSEB VII C$cSTUDI EBRAICI - FILOSOFIA E RELIGIONE - FILOSOFIA E TEOLOGIA MODERNA E CONTEMPORANEA$2A 700 1$aLuzzato$bSamuele Davide$3UONV025106$01858080 712 $aBianchi$3UONV253935$4650 801 $aIT$bSOL$c20251128$gRICA 899 $aSIBA - SISTEMA BIBLIOTECARIO DI ATENEO$2UONSI 912 $aUON00050597 950 $aSIBA - SISTEMA BIBLIOTECARIO DI ATENEO$dSI RARI SEB VII C 001 $eSI SA 43935 7 001 996 $aDiscorsi morali agli studenti israeliti$94459339 997 $aUNIOR